00925nam a2200241 i 4500003000900000005001700009008004100026040004300067041000800110082002000118100003600138245016400174264007500338300002200413336002400435337002800459338004300487546002400530650002500554651001000579700003700589856005700626EG-GICUC20260415112323.0260415s1967 fr fr|||| 00| 0 fre d aEG-GiCUCbfrecEG-GiCUCdEG-GiCUCeRda 0afre04221a343bCH . C1 a Rokofyllos, Christos. eAuteur13a Le concept de lésion et la répression de la délinquance par imprudence :b (Essai de critique) / cpar Christos Rokofyllos ; préface de M. de Juglart. 1aParis :b Librairie générale de droit et de jurisprudence, c1967. a133page;c 24 cm. 2rda contenua texte 2rda mediasaOrdinateur 2 transporteur rdaa Ressource en ligne 0aTexte en français1 aDroit pénal2qrmak1 2qrmak1 aJuglart, Michel de.ePréfacier40uhttps://fll.law.cu.edu.eg/fulltext/bks/B10-09534.pdf